সাম্প্রতিক কথাসাহিত্য / (Record no. 83172)
[ view plain ]
| 000 -LEADER | |
|---|---|
| fixed length control field | 00924nam a2200229 a 4500 |
| 001 - CONTROL NUMBER | |
| control field | 83172 |
| 003 - CONTROL NUMBER IDENTIFIER | |
| rucl marc code | BD-RjUL |
| 005 - DATE AND TIME OF LATEST TRANSACTION | |
| control field | 20240228110419.0 |
| 008 - FIXED-LENGTH DATA ELEMENTS--GENERAL INFORMATION | |
| fixed length control field | 240228s2013 ii ||||| |||| 00| 0 ben d |
| 020 ## - INTERNATIONAL STANDARD BOOK NUMBER | |
| International Standard Book Number | 9788129517890 |
| 035 ## - SYSTEM CONTROL NUMBER | |
| System control number | (BD-RjUL)83172 |
| 040 ## - CATALOGING SOURCE | |
| Original cataloging agency | BD-RjUL |
| Language of cataloging | eng |
| Transcribing agency | BD-RjUL |
| 041 ## - LANGUAGE CODE | |
| Language code of text/sound track or separate title | ben |
| 082 ## - DEWEY DECIMAL CLASSIFICATION NUMBER | |
| Edition number | 23 |
| Classification number | 891.44309 |
| Author mark and year | CHS 2013 |
| 100 ## - MAIN ENTRY--PERSONAL NAME | |
| Personal name | চট্টোপাধ্যায়, হীরেন |
| 9 (RLIN) | 11935 |
| 245 ## - TITLE STATEMENT | |
| Title | সাম্প্রতিক কথাসাহিত্য / |
| Statement of responsibility, etc. | হীরেন চট্টোপাধ্যায় |
| 260 ## - PUBLICATION, DISTRIBUTION, ETC. (IMPRINT) | |
| Place of publication, distribution, etc. | কলকাতা : |
| Name of publisher, distributor, etc. | দে’জ পাবলিশিং, |
| Date of publication, distribution, etc. | ২০১৩ |
| 300 ## - PHYSICAL DESCRIPTION | |
| Pagination | ৪৬৪ পৃ.; |
| Size | ২৩ সেমি. |
| 650 ## - SUBJECT ADDED ENTRY--TOPICAL TERM | |
| Topical term or geographic name as entry element | বাংলা সাহিত্য |
| General subdivision | গল্প |
| -- | ইতিহাস ও সমালোচনা |
| 9 (RLIN) | 11947 |
| Topical term or geographic name as entry element | Bengali Literature |
| General subdivision | Stories |
| -- | History and Criticism |
| 9 (RLIN) | 11948 |
| 942 ## - ADDED ENTRY ELEMENTS (KOHA) | |
| Source of classification or shelving scheme | Dewey Decimal Classification |
| Koha item type | Books |
| Lost status | Source of classification or shelving scheme | Damaged status | Not for loan | Collection code | Permanent Location | Current Location | Shelving location | Date acquired | Source of acquisition | Cost, normal purchase price | Total Checkouts | Full call number | Date last seen | Copy number | Koha item type |
|---|---|---|---|---|---|---|---|---|---|---|---|---|---|---|---|
| Dewey Decimal Classification | Not For Loan | Fiction | Central Library, University of Rajshahi | Central Library, University of Rajshahi | Reading Room | 20/02/2024 | Dhaka : Book Finder | 624.00 | B 891.44309 CHS 2013 | 28/02/2024 | C-1 | Books | |||
| Dewey Decimal Classification | Fiction | Central Library, University of Rajshahi | Central Library, University of Rajshahi | General Stacks | 20/02/2024 | Dhaka : Book Finder | 624.00 | B 891.44309 CHS 2013 | 28/02/2024 | C-2 | Books | ||||
| Dewey Decimal Classification | Fiction | Central Library, University of Rajshahi | Central Library, University of Rajshahi | General Stacks | 20/02/2024 | Dhaka : Book Finder | 624.00 | B 891.44309 CHS 2013 | 28/02/2024 | C-3 | Books | ||||
| Dewey Decimal Classification | Fiction | Central Library, University of Rajshahi | Central Library, University of Rajshahi | General Stacks | 20/02/2024 | Dhaka : Book Finder | 624.00 | B 891.44309 CHS 2013 | 28/02/2024 | C-4 | Books | ||||
| Dewey Decimal Classification | Fiction | Central Library, University of Rajshahi | Central Library, University of Rajshahi | General Stacks | 02/03/2026 | Omni Concept, Dhaka | 225.00 | B 891.44309 CHS 2013 | 02/03/2026 | C-5 | Books | ||||
| Dewey Decimal Classification | Fiction | Central Library, University of Rajshahi | Central Library, University of Rajshahi | General Stacks | 02/03/2026 | Omni Concept, Dhaka | 225.00 | B 891.44309 CHS 2013 | 02/03/2026 | C-6 | Books | ||||
| Dewey Decimal Classification | Fiction | Central Library, University of Rajshahi | Central Library, University of Rajshahi | General Stacks | 02/03/2026 | Omni Concept, Dhaka | 225.00 | B 891.44309 CHS 2013 | 02/03/2026 | C-7 | Books | ||||
| Dewey Decimal Classification | Fiction | Central Library, University of Rajshahi | Central Library, University of Rajshahi | General Stacks | 02/03/2026 | Omni Concept, Dhaka | 225.00 | B 891.44309 CHS 2013 | 02/03/2026 | C-8 | Books | ||||
| Dewey Decimal Classification | Fiction | Central Library, University of Rajshahi | Central Library, University of Rajshahi | General Stacks | 02/03/2026 | Omni Concept, Dhaka | 225.00 | B 891.44309 CHS 2013 | 02/03/2026 | C-9 | Books |